Decadencia y auge de las identidades: cultura nacional, identidad cultural y modernización /
Se hace una reflexión sobre las distinciones teóricas de conceptos relacionados con grupos étnicos y etnias en general. Se propone que la delimitación de las dimensiones étnicas es su aspecto relacional, o sea lo que lo hace un grupo diferente a los demás ya sea por razones físicas, culturales o ima...
Gespeichert in:
| 1. Verfasser: | |
|---|---|
| Weitere Verfasser: | |
| Format: | Unbekannt |
| Veröffentlicht: |
Tijuana, BC:
El Colegio de la Frontera Norte; Plaza y Valdés Editores
|
| Schlagworte: | |
| Tags: |
Tag hinzufügen
Keine Tags, Fügen Sie den ersten Tag hinzu!
|
MARC
| LEADER | 00000 a2200000 04500 | ||
|---|---|---|---|
| 001 | 21981 | ||
| 003 | |||
| 008 | 991231s d | ||
| 040 | |||
| 090 | |a 146404 | ||
| 100 | |a Valenzuela Arce, José Manuel | ||
| 245 | |a Decadencia y auge de las identidades: cultura nacional, identidad cultural y modernización / |c José Manuel Valenzuela Arce | ||
| 260 | |a Tijuana, BC: |b El Colegio de la Frontera Norte; Plaza y Valdés Editores | ||
| 300 | |a 380 p. | ||
| 520 | |a Se hace una reflexión sobre las distinciones teóricas de conceptos relacionados con grupos étnicos y etnias en general. Se propone que la delimitación de las dimensiones étnicas es su aspecto relacional, o sea lo que lo hace un grupo diferente a los demás ya sea por razones físicas, culturales o imaginadas. En este punto se mencionan las perspectivas de cuatro diferentes autores, cada uno expone los criterios de selección utilizados para identificar las características de un grupo étnico. Se señala que con la construcción del Estado se empieza a formar la identidad nacional. La idea de Nación y Nacionalismo es tratada con los supuestos teóricos de Clifford Geertz, para por último proponer tres tipos de nacionalismo./MSD | ||
| 650 | |a CULTURA | ||
| 650 | |a IDENTIDAD CULTURAL | ||
| 650 | |a GRUPOS ETNICOS | ||
| 650 | |a NACION | ||
| 650 | |a NACIONALISMO | ||
| 700 | |a coord | ||
| 999 | |c 16553 |d 16553 | ||
